00408nam a22001097a 4500008004100000020001500041082001500056110004200071245014200113260003500255300000800290230704b xxu||||| |||| 00| 0 eng d a9211480868 a363.4bINC bInternational Narcotics control Board aEffectiveness of the International Drug Control treatiesbSupplement to the report of the International Narcotics Control Board for 1994 aNew YorkbUnited Nationsc1995 a24p